000
00337nam a22001577a 4500
003
SGT
020
_a
978-1-4160-2447-7
082
_a
617.7, C08R
100
_a
ROY, F HAMPTON
245
_a
CURRENT OCULAR THERAPY
250
_a
6TH
260
_a
ELSEVIER
_b
DELHI
_c
2008
300
_a
694
650
_a
PHYSIOTHERAPY
942
_2
ddc
_c
BK
999
_c
8670
_d
8670